Politica de estimulo a la reforestacion comercial en Colombia: 2003-2006. (Registro nro. 3596)

Detalles MARC
000 -CABECERA
Campo de control 00738cam a2200205 a 4500
005 - FECHA Y HORA DE LA ULTIMA TRANSACCION
Campo de control 20160311121655.0
008 - ELEMENTOS DE LONGITUD FIJA—INFORMACION GENERAL
Campo de control 041025s2003 ck d z f00010 spa d
040 ## - FUENTE DE CATALOGACIÓN
Agencia catalogadora original ie
Agencia transcriptora ie
Agencia Modificadora CO-BoIAVH
041 0# - IDIOMA
Código de idioma para texto/pista de sonido o título separado Español
044 ## - PAÍS DE PUBLICACIÓN
País de publicación Colombia
082 04 - NUMERO DE CLASIFICACION DECIMAL DEWEY
Número de clasificación 333.75153
Número del ítem C71p
110 1# - ASIENTO PRINCIPAL--NOMBRE CORPORATIVO
Nombre corporativo o de jurisdicción como elemento de entrada Colombia.
Unidad subordinad Departamento Nacional de Planeación.
9 (RLIN) 6745
245 10 - MENCION DE TITULO
Título Politica de estimulo a la reforestacion comercial en Colombia: 2003-2006.
260 ## - PUBLICACION, DISTRIBUCION, ETC. (PIE DE IMPRENTA)
Lugar de publicación, distribución, etc. Bogotá :
Nombre del editor, distribuidor, etc. Departamento Nacional de Planeación,
Fecha de publicación, distribución, etc. 2003.
300 ## - DESCRIPCION FISICA
Extensión 19 páginas :
Otros detalles físicos tablas ;
Dimensiones 28 x 22 centímetros
490 0# - MENCION DE SERIE
Mención de serie Documento Conpes ;
Designación numérica/secuencial del volumen 3237
650 #6 - ASIENTO SECUNDARIO DE MATERIA - TERMINO TEMATICO
Término temático o nombre geográfico como elemento de entrada Reforestación
Subdivisión geográfica Colombia
Subdivisión cronológica 2003-2006.
9 (RLIN) 64038
650 #6 - ASIENTO SECUNDARIO DE MATERIA - TERMINO TEMATICO
Término temático o nombre geográfico como elemento de entrada Política forestal
Subdivisión general Colombia
Subdivisión geográfica 2003-2006.
9 (RLIN) 64039
942 ## - ELEMENTOS ADICIONALES (KOHA)
Sistema de clasificación Dewey Decimal Classification
Tipo de ítem Folleto
Existencias
Withdrawn status Lost status Sistema de Clasificación Damaged status No para préstamo Colección Inventariado Ubicación Permanente Ubicación actual Fecha de adquisición Total Checkouts Número topográfico Inventario / Código de Barras Date last seen Ejemplar Price effective from Forma de adquisición Tipo de material
    Dewey Decimal Classification     General Inventariado 2017 Bogotá Bogotá 27/01/2004   LB-333.75153 C71p 015294 04/12/2012 Ej. 1 04/12/2012   Folleto